[Event "Titled Tuesday intern op 23rd Jul Late"]
[Site "Chess.com INT"]
[Date "2024.07.23"]
[Round "5"]
[White "Curtis, John"]
[Black "Arutla, Aditya"]
[Result "1-0"]
[WhiteElo "2292"]
[BlackElo "2243"]
[PlyCount "67"]
[EventDate "2024.07.23"]
[EventType "swiss (blitz)"]
[EventRounds "11"]
[EventCountry "USA"]
[SourceTitle "EXT 2025"]
[Source "ChessBase"]
[SourceDate "2024.10.14"]
[SourceVersion "1"]
[SourceVersionDate "2024.10.14"]
[SourceQuality "1"]

1. e4 c5 2. Nf3 Nc6 3. Bb5 g6 4. 0-0 Bg7 5. c3 Nf6 6. Re1 0-0 7. d4 cxd4 8. cxd4 d5 9. e5 Ne4 10. h3 f6 11. Bxc6 bxc6 12. Bf4 fxe5 13. Bxe5 Bxe5 14. dxe5 Qb6 15. Re2 Ba6 16. Rc2 Rad8 17. Nc3 Nc5 18. Qd4 Rb8 19. Qg4 Bd3 20. Rd2 Bf5 21. Qh4 e6 22. Ng5 Rb7 23. Rad1 Qb4 24. Qxb4 Rxb4 25. Nf3 Ne4 26. Nxe4 Rxe4 27. Nd4 c5 28. Nc6 d4 29. g4 Bxg4 30. hxg4 Rxg4+ 31. Kf1 h5 32. b4 h4 33. bxc5 h3 34. Ke2 1-0

[Event "Titled Tuesday intern op 23rd Jul Late"]
[Site "Chess.com INT"]
[Date "2024.07.23"]
[Round "3"]
[White "Curtis, John"]
[Black "Hernandez Amura, Gilberto"]
[Result "1-0"]
[WhiteElo "2292"]
[BlackElo "2198"]
[PlyCount "101"]
[EventDate "2024.07.23"]
[EventType "swiss (blitz)"]
[EventRounds "11"]
[EventCountry "USA"]
[SourceTitle "EXT 2025"]
[Source "ChessBase"]
[SourceDate "2024.10.14"]
[SourceVersion "1"]
[SourceVersionDate "2024.10.14"]
[SourceQuality "1"]

1. e4 d6 2. Nf3 Nf6 3. d3 e5 4. Be2 Nc6 5. 0-0 g6 6. c4 Bg7 7. Nc3 0-0 8. Bd2 h6 9. Rb1 a5 10. a3 Bg4 11. Ne1 Be6 12. Nc2 Nd4 13. Nxd4 exd4 14. Nd5 a4 15. Nxf6+ Qxf6 16. f4 Bd7 17. Bb4 b6 18. e5 dxe5 19. Bxf8 Rxf8 20. Bg4 Bc6 21. Bf3 Bxf3 22. Qxf3 exf4 23. Qxf4 Qc6 24. Qf3 Qc5 25. Rbe1 b5 26. Qd5 Qxd5 27. cxd5 f6 28. Re7 Rf7 29. Rxf7 Kxf7 30. Rc1 Ke8 31. Rxc7 Bf8 32. Rb7 b4 33. axb4 f5 34. b5 Bb4 35. Kf1 f4 36. h3 g5 37. Ke2 h5 38. Rg7 g4 39. hxg4 hxg4 40. Rxg4 Kd7 41. Rxf4 Bc5 42. Rf6 a3 43. bxa3 Bxa3 44. Rc6 Bc1 45. g4 Bf4 46. Kf3 Bh2 47. Ke4 Bg1 48. g5 Ke7 49. b6 Kf7 50. b7 Bh2 51. Kxd4 1-0

[Event "Titled Tuesday intern op 23rd Jul Late"]
[Site "Chess.com INT"]
[Date "2024.07.23"]
[Round "8"]
[White "Romero Ruscalleda, Josep"]
[Black "Curtis, John"]
[Result "1-0"]
[WhiteElo "2153"]
[BlackElo "2292"]
[PlyCount "105"]
[EventDate "2024.07.23"]
[EventType "swiss (blitz)"]
[EventRounds "11"]
[EventCountry "USA"]
[SourceTitle "EXT 2025"]
[Source "ChessBase"]
[SourceDate "2024.10.14"]
[SourceVersion "1"]
[SourceVersionDate "2024.10.14"]
[SourceQuality "1"]

1. e4 c5 2. Nf3 Nc6 3. c3 e6 4. d4 d5 5. e5 Nge7 6. Be3 Nf5 7. Qd2 Bd7 8. Bd3 Nxe3 9. fxe3 Be7 10. 0-0 a6 11. Qf2 0-0 12. Nbd2 g6 13. e4 Kg7 14. dxc5 Qc7 15. b4 Nxe5 16. Nxe5 Qxe5 17. Rac1 dxe4 18. Bxe4 Rab8 19. Qf3 Bg5 20. Nc4 Qc7 21. Rcd1 f5 22. Bc2 Bb5 23. Bb3 Bf6 24. Rfe1 Rfe8 25. Nd6 Re7 26. Nxb5 axb5 27. Rxe6 Rxe6 28. Bxe6 Kh8 29. Rd6 b6 30. Bxf5 bxc5 31. Rxf6 gxf5 32. Qxf5 Qe7 33. Re6 Qg7 34. Qxc5 Rd8 35. Re1 Rf8 36. Qxb5 Qxc3 37. Qe5+ Qxe5 38. Rxe5 Ra8 39. Re2 Kg7 40. b5 Ra4 41. Rb2 Kf6 42. b6 Ra8 43. b7 Rb8 44. a4 Ke6 45. a5 Kd6 46. a6 Kc7 47. Kf2 Rf8+ 48. Kg3 Kb8 49. Rc2 Rg8+ 50. Kh3 Ka7 51. Rc8 Kxa6 52. Rxg8 Kxb7 53. Rg7+ 1-0

[Event "Titled Tuesday intern op 23rd Jul Late"]
[Site "Chess.com INT"]
[Date "2024.07.23"]
[Round "4"]
[White "Yagupov, Igor"]
[Black "Curtis, John"]
[Result "1-0"]
[WhiteElo "2232"]
[BlackElo "2292"]
[PlyCount "59"]
[EventDate "2024.07.23"]
[EventType "swiss (blitz)"]
[EventRounds "11"]
[EventCountry "USA"]
[SourceTitle "EXT 2025"]
[Source "ChessBase"]
[SourceDate "2024.10.14"]
[SourceVersion "1"]
[SourceVersionDate "2024.10.14"]
[SourceQuality "1"]

1. Nf3 g6 2. e4 Bg7 3. d4 d6 4. h3 Nf6 5. Nc3 c5 6. dxc5 Qa5 7. Bd3 Qxc5 8. Be3 Qa5 9. 0-0 Nc6 10. Nd2 Ne5 11. f4 Nxd3 12. cxd3 Qd8 13. Rc1 0-0 14. Nf3 b6 15. Nb5 Bb7 16. Qb3 Nd7 17. Bd4 Nc5 18. Qa3 Qd7 19. Bxg7 Kxg7 20. Nbd4 Rfc8 21. f5 Qa4 22. Qc3 Kg8 23. Qd2 Qxa2 24. Ra1 Qxa1 25. Rxa1 Ba6 26. Qh6 Nd7 27. fxg6 hxg6 28. Ng5 Nf8 29. Rf1 f6 30. Nde6 1-0

[Event "Titled Tuesday intern op 16th Jul Late"]
[Site "Chess.com INT"]
[Date "2024.07.16"]
[Round "11"]
[White "Curtis, John"]
[Black "Krzywda, Andrzej"]
[Result "0-1"]
[WhiteElo "2292"]
[BlackElo "2208"]
[PlyCount "64"]
[EventDate "2024.07.16"]
[EventType "swiss (blitz)"]
[EventRounds "11"]
[EventCountry "USA"]
[SourceTitle "EXT 2025"]
[Source "ChessBase"]
[SourceDate "2024.10.14"]
[SourceVersion "1"]
[SourceVersionDate "2024.10.14"]
[SourceQuality "1"]

1. e4 c5 2. Nf3 d6 3. d4 cxd4 4. Nxd4 Nf6 5. Nc3 a6 6. Bg5 e6 7. f4 Be7 8. Qf3 Qc7 9. 0-0-0 Nbd7 10. g4 h6 11. Bxf6 Bxf6 12. h4 Nb6 13. g5 Bxd4 14. Rxd4 Qc5 15. Rd2 Bd7 16. g6 0-0 17. gxf7+ Rxf7 18. Qd3 Bc6 19. Qxd6 Qe3 20. Nd1 Qxe4 21. Bg2 Qxf4 22. Bxc6 bxc6 23. Qxf4 Rxf4 24. Rd6 Kf7 25. Rxc6 Nd5 26. c4 Nb4 27. Rc7+ Kf6 28. Nc3 Rd8 29. Rg1 g5 30. h5 Rdd4 31. Rh7 Rxc4 32. Rxh6+ Kf5 0-1

[Event "Titled Tuesday intern op 16th Jul Late"]
[Site "Chess.com INT"]
[Date "2024.07.16"]
[Round "6"]
[White "Curtis, John"]
[Black "Momunaliev, Ruslan"]
[Result "1-0"]
[WhiteElo "2292"]
[BlackElo "2023"]
[PlyCount "93"]
[EventDate "2024.07.16"]
[EventType "swiss (blitz)"]
[EventRounds "11"]
[EventCountry "USA"]
[SourceTitle "EXT 2025"]
[Source "ChessBase"]
[SourceDate "2024.10.14"]
[SourceVersion "1"]
[SourceVersionDate "2024.10.14"]
[SourceQuality "1"]

1. e4 c5 2. Nf3 e6 3. c3 b6 4. d4 d6 5. Bd3 Bb7 6. 0-0 Nd7 7. Re1 Ngf6 8. a4 Be7 9. h3 e5 10. d5 0-0 11. Nbd2 Re8 12. a5 Nf8 13. a6 Bc8 14. Bb5 Bd7 15. Qa4 Bxb5 16. Qxb5 Ng6 17. Nc4 Nh5 18. b4 Rc8 19. Be3 cxb4 20. cxb4 Nhf4 21. Na3 Bf6 22. Rec1 h5 23. Rxc8 Qxc8 24. Rc1 Nxh3+ 25. Kf1 Qd8 26. gxh3 Re7 27. Qc6 Kh7 28. Qc8 Qxc8 29. Rxc8 Nf4 30. h4 Nd3 31. Bd2 Rd7 32. Ke2 Nf4+ 33. Bxf4 exf4 34. Nb5 Re7 35. Kd3 Kg6 36. Rc6 Be5 37. Nxe5+ Rxe5 38. Nxd6 f6 39. Nc8 Re8 40. Nxa7 Ra8 41. Rc7 f5 42. b5 fxe4+ 43. Kxe4 Kf6 44. Kxf4 Rf8 45. Rc6+ Ke7+ 46. Kg3 Rxf2 47. Kxf2 1-0

[Event "Titled Tuesday intern op 16th Jul Late"]
[Site "Chess.com INT"]
[Date "2024.07.16"]
[Round "2"]
[White "Fieberg, Samuel"]
[Black "Curtis, John"]
[Result "1-0"]
[WhiteElo "2186"]
[BlackElo "2292"]
[PlyCount "89"]
[EventDate "2024.07.16"]
[EventType "swiss (blitz)"]
[EventRounds "11"]
[EventCountry "USA"]
[SourceTitle "EXT 2025"]
[Source "ChessBase"]
[SourceDate "2024.10.14"]
[SourceVersion "1"]
[SourceVersionDate "2024.10.14"]
[SourceQuality "1"]

1. c4 Nf6 2. Nc3 g6 3. e4 d6 4. Nge2 c5 5. g3 Bg7 6. Bg2 Nc6 7. 0-0 Bg4 8. h3 Bxe2 9. Nxe2 0-0 10. d4 cxd4 11. Nxd4 Rc8 12. Nxc6 bxc6 13. Qa4 Qc7 14. Be3 c5 15. Rad1 Rb8 16. Qc2 Nd7 17. b3 Ne5 18. f4 Nc6 19. f5 Nd4 20. Qf2 a5 21. Kh1 a4 22. Bxd4 Bxd4 23. Qf3 axb3 24. axb3 Qb6 25. Rd3 Be5 26. h4 Kh8 27. g4 f6 28. fxg6 hxg6 29. h5 g5 30. Qf5 Rf7 31. h6 Rh7 32. Rh3 Qa5 33. Rh5 Rg8 34. Rh3 Qa8 35. Bf3 Qa2 36. Bd1 Qd2 37. b4 Qxb4 38. Kg2 Qb2+ 39. Rf2 Qb8 40. Ba4 Rf8 41. Bd7 Qb1 42. Be6 Qb8 43. Qg6 Qb1 44. Bf5 Rff7 45. Qh5 1-0

[Event "Titled Tuesday intern op 16th Jul Late"]
[Site "Chess.com INT"]
[Date "2024.07.16"]
[Round "8"]
[White "George Micheal, Kevin"]
[Black "Curtis, John"]
[Result "1-0"]
[WhiteElo "2271"]
[BlackElo "2292"]
[PlyCount "83"]
[EventDate "2024.07.16"]
[EventType "swiss (blitz)"]
[EventRounds "11"]
[EventCountry "USA"]
[SourceTitle "EXT 2025"]
[Source "ChessBase"]
[SourceDate "2024.10.14"]
[SourceVersion "1"]
[SourceVersionDate "2024.10.14"]
[SourceQuality "1"]

1. e4 c5 2. Nf3 d6 3. d4 cxd4 4. Nxd4 Nf6 5. Nc3 a6 6. h3 e5 7. Nde2 b5 8. g4 Bb7 9. Bg2 b4 10. Nd5 Nxd5 11. exd5 a5 12. 0-0 Be7 13. f4 exf4 14. Bxf4 Ba6 15. Re1 Bxe2 16. Qxe2 Ra7 17. Qb5+ Rd7 18. Bxd6 0-0 19. Bxb8 Bh4 20. Re2 Re7 21. Rxe7 Qxe7 22. Bf4 Qf6 23. Rf1 Qxb2 24. Qc4 Bf6 25. d6 Qd4+ 26. Qxd4 Bxd4+ 27. Kh2 f6 28. Rd1 Be5 29. Bxe5 fxe5 30. Bd5+ Kh8 31. d7 Rd8 32. Rf1 h5 33. Rf7 hxg4 34. hxg4 Kh7 35. Re7 Kg6 36. Bc6 Kf6 37. Re8 Rxd7 38. Bxd7 Kg5 39. Rxe5+ Kf4 40. Rxa5 Ke3 41. Rb5 b3 42. Rxb3+ 1-0

[Event "Titled Tuesday intern op 09th Jul Late"]
[Site "Chess.com INT"]
[Date "2024.07.09"]
[Round "1"]
[White "Curtis, John"]
[Black "Paikens, Reinis"]
[Result "1/2-1/2"]
[WhiteElo "2292"]
[BlackElo "2165"]
[PlyCount "71"]
[EventDate "2024.07.09"]
[EventType "swiss (blitz)"]
[EventRounds "11"]
[EventCountry "USA"]
[SourceTitle "EXT 2025"]
[Source "ChessBase"]
[SourceDate "2024.10.14"]
[SourceVersion "1"]
[SourceVersionDate "2024.10.14"]
[SourceQuality "1"]

1. e4 c5 2. Nf3 d6 3. d4 cxd4 4. Nxd4 Nf6 5. Nc3 g6 6. Be2 Nc6 7. Be3 Bg7 8. 0-0 0-0 9. Qd2 Ng4 10. Bxg4 Bxg4 11. Nxc6 bxc6 12. Bh6 Qb6 13. Bxg7 Kxg7 14. Na4 Qb5 15. b3 Be6 16. c4 Qe5 17. Rae1 c5 18. f4 Qh5 19. e5 Rad8 20. Qf2 Bd7 21. exd6 exd6 22. Nc3 Bc6 23. Re7 Rde8 24. Rfe1 Rxe7 25. Rxe7 Re8 26. Rxe8 Bxe8 27. Nd5 Qd1+ 28. Qf1 Qd4+ 29. Qf2 Qa1+ 30. Qf1 Qxa2 31. Qc1 Bc6 32. Qc3+ Kh6 33. Qh3+ Kg7 34. Qc3+ Kh6 35. Qh3+ Kg7 36. Qc3+ 1/2-1/2